[Event "Tseshkovsky Mem 2014"]
[Site "Sochi RUS"]
[Date "2014.09.17"]
[Round "1.1"]
[White "Palkovich, Denis"]
[Black "Jobava, Baadur"]
[Result "0-1"]
[WhiteTitle "FM"]
[BlackTitle "GM"]
[WhiteElo "2150"]
[BlackElo "2708"]
[WhiteFideId "14113260"]
[BlackFideId "13601520"]
[EventDate "2014.09.17"]

1. e4 c5 2. f4 Nc6 3. Nf3 e6 4. Bb5 Nge7 5. O-O a6 6. Be2 d5 7. d3 g6 8. Nc3 Bg7
9. Qe1 O-O 10. Qh4 Nd4 11. Bd1 Nec6 12. Qxd8 Rxd8 13. Na4 b5 14. Nb6 Rb8 15.
Nxc8 Rbxc8 16. Nxd4 Bxd4+ 17. Kh1 b4 18. exd5 exd5 19. a3 a5 20. axb4 axb4 21.
Bf3 Bg7 22. g3 Nd4 23. Bd1 Re8 24. Ra5 Ne2 25. Bd2 Bxb2 26. f5 Bc3 27. fxg6 hxg6
28. Bxc3 Nxc3 29. Bg4 Rc7 30. Kg2 Kg7 31. Kf2 c4 32. dxc4 dxc4 33. Re1 Rxe1 34.
Kxe1 b3 35. cxb3 cxb3 0-1

[Event "Tseshkovsky Mem 2014"]
[Site "Sochi RUS"]
[Date "2014.09.17"]
[Round "1.2"]
[White "Landa, Konstantin"]
[Black "Kalinin, Nikita"]
[Result "1-0"]
[WhiteTitle "GM"]
[WhiteElo "2670"]
[BlackElo "2149"]
[WhiteFideId "4101685"]
[BlackFideId "24155390"]
[EventDate "2014.09.17"]

1. Nf3 Nf6 2. c4 e6 3. g3 d5 4. Bg2 Be7 5. O-O O-O 6. d4 dxc4 7. Qc2 b5 8. a4
Bb7 9. axb5 c5 10. Qxc4 Nbd7 11. Nc3 Nb6 12. Qd3 Qc8 13. dxc5 Rd8 14. Qc2 Qxc5
15. Be3 Qh5 16. Rxa7 Rxa7 17. Bxb6 Raa8 18. Bxd8 Rxd8 19. Rd1 Rc8 20. Nd4 Bxg2
21. Kxg2 Bc5 22. Na4 Ng4 23. h3 Qd5+ 24. e4 Qa8 25. Nxc5 1-0

[Event "Tseshkovsky Mem 2014"]
[Site "Sochi RUS"]
[Date "2014.09.17"]
[Round "1.3"]
[White "Shandrygin, Nikita"]
[Black "Rakhmanov, Aleksandr"]
[Result "0-1"]
[BlackTitle "GM"]
[WhiteElo "2124"]
[BlackElo "2626"]
[WhiteFideId "24198668"]
[BlackFideId "4173708"]
[EventDate "2014.09.17"]

1. e4 c5 2. Nf3 Nf6 3. e5 Nd5 4. Nc3 Nxc3 5. dxc3 e6 6. Bf4 Qb6 7. b3 Nc6 8. Qd2
Qc7 9. O-O-O a6 10. c4 b5 11. Kb1 bxc4 12. Bxc4 Na5 13. Qe2 Nxc4 14. Qxc4 a5 15.
Rd2 Ba6 16. Qe4 Bb7 17. Qe2 h6 18. Rhd1 Bc6 19. Rd3 a4 20. Nd2 Qb7 21. Rc3 Qb4
22. Qe3 Qa5 23. Nc4 Qa6 24. Rd2 Bxg2 25. f3 axb3 26. cxb3 Bh3 27. a4 Bf5+ 28.
Ka2 Qb7 29. Rc1 Ra7 30. Rcd1 Qb4 31. Bg3 Be7 32. Be1 Qb8 33. Rg2 Bg6 34. h4 h5
35. Ba5 O-O 36. Bb6 Rb7 37. a5 Qc8 38. Kb2 Qc6 39. Qc3 Ra8 40. Rgd2 Kh7 41. Ra1
Bxh4 42. Rd6 Qc8 43. a6 Rbb8 44. a7 Rb7 45. Qa5 Bf2 46. Rc1 h4 47. Rd2 Bg3 48.
Ka2 Rbxa7 49. Bxa7 Qb7 50. Qxc5 Rxa7+ 51. Kb2 Qa8 52. Qe3 Bh5 53. Qd3+ g6 54.
Rf1 Bf4 55. Re2 Ra2+ 56. Kc3 Rxe2 57. Qxe2 g5 58. Qd3+ Bg6 59. Qxd7 Qa2 60. Qd1
h3 61. b4 h2 62. b5 g4 63. fxg4 Qg2 64. g5 Be4 65. Qd7 Kg7 66. Nd6 Bxe5+ 67. Kb4
Qd2+ 0-1

[Event "Tseshkovsky Mem 2014"]
[Site "Sochi RUS"]
[Date "2014.09.17"]
[Round "1.4"]
[White "Khalifman, Alexander"]
[Black "Vishnjakova, Svetlana"]
[Result "1-0"]
[WhiteTitle "GM"]
[BlackTitle "WFM"]
[WhiteElo "2621"]
[BlackElo "2123"]
[WhiteFideId "4100115"]
[BlackFideId "4147219"]
[EventDate "2014.09.17"]

1. d4 Nf6 2. Nf3 g6 3. g3 Bg7 4. Bg2 c5 5. O-O O-O 6. c4 cxd4 7. Nxd4 Nc6 8. Nc3
Nxd4 9. Qxd4 d6 10. Qd3 Qc7 11. Bg5 Be6 12. b3 h6 13. Be3 Ng4 14. Bd4 Ne5 15.
Qd2 a6 16. Rac1 Rab8 17. Rfd1 Kh7 18. Na4 b6 19. Qb2 Bh8 20. Nc3 Ng4 21. Nd5 Qa7
22. h3 Bxd4 23. Qxd4 Ne5 24. Kh2 a5 25. e4 Nc6 26. Qe3 Bc8 27. g4 f6 28. Nc3 Qd7
29. Nb5 h5 30. Rd2 Ba6 31. e5 Bxb5 32. cxb5 Nd8 33. exd6 exd6 34. Qd4 Nf7 35.
Qxf6 Qxb5 36. Be4 Ne5 37. Rc7+ 1-0

[Event "Tseshkovsky Mem 2014"]
[Site "Sochi RUS"]
[Date "2014.09.17"]
[Round "1.5"]
[White "Mednikov, Gennadiy"]
[Black "Bukavshin, Ivan"]
[Result "0-1"]
[BlackTitle "GM"]
[WhiteElo "2117"]
[BlackElo "2613"]
[WhiteFideId "4150775"]
[BlackFideId "4199758"]
[EventDate "2014.09.17"]

1. d4 d5 2. Bf4 c5 3. e3 Nc6 4. Nf3 Bg4 5. Be2 Qb6 6. Nc3 e6 7. Na4 Qa5+ 8. c3
cxd4 9. exd4 Nf6 10. O-O Be7 11. b4 Qd8 12. b5 Na5 13. Ne5 Bxe2 14. Qxe2 O-O 15.
Nc5 Rc8 16. Bg5 b6 17. Bxf6 gxf6 18. Nxf7 Rxf7 19. Nxe6 Qd7 20. Qg4+ Kh8 21. Qh5
Bd6 22. Rae1 Re8 23. Qf5 Nc4 24. Re2 Be5 25. f4 Nd6 26. Qh5 Qxe6 27. fxe5 fxe5
28. Rxf7 Nxf7 29. dxe5 Nxe5 30. h3 Nf3+ 31. Qxf3 Qxe2 32. Qf6+ Kg8 33. Qg5+ Kf7
34. Qf5+ Ke7 35. Qxh7+ Kd6 36. Qxa7 Qe3+ 37. Kh1 Qc1+ 38. Kh2 Qf4+ 0-1

[Event "Tseshkovsky Mem 2014"]
[Site "Sochi RUS"]
[Date "2014.09.17"]
[Round "1.6"]
[White "Aleksandrov, Aleksej"]
[Black "Bykova, Anastasia"]
[Result "1-0"]
[WhiteTitle "GM"]
[BlackTitle "WFM"]
[WhiteElo "2596"]
[BlackElo "2112"]
[WhiteFideId "13500139"]
[BlackFideId "4164970"]
[EventDate "2014.09.17"]

1. d4 d5 2. c4 c6 3. Nf3 Nf6 4. e3 Bf5 5. Nc3 e6 6. Nh4 Bg6 7. Bd2 Nbd7 8. Nxg6
hxg6 9. Qc2 Bd6 10. h3 g5 11. e4 Nxe4 12. Nxe4 dxe4 13. Qxe4 Nf6 14. Qd3 g4 15.
O-O-O Qc7 16. Be2 gxh3 17. Rxh3 Rxh3 18. Qxh3 O-O-O 19. Kb1 Kb8 20. Qh4 Qc8 21.
Bd3 e5 22. Bc3 Qg4 23. Qxg4 Nxg4 24. Bf5 Nxf2 25. Rf1 exd4 26. Bxd4 g6 27. Bc2
Ng4 28. Rxf7 Bh2 29. Bc3 Ne3 30. b3 g5 31. Rf3 Nxc2 32. Kxc2 Kc7 33. g3 Re8 34.
Kd1 g4 35. Rd3 Kc8 36. Kd2 Kc7 37. Bd4 b6 38. Bf2 a6 39. Rd4 Rg8 40. Ke2 b5 41.
Kf1 bxc4 42. Rxc4 Rd8 43. Rc2 a5 44. Kg2 Rh8 45. Rc4 Kd6 46. Rxg4 Rh5 47. Rd4+
Kc7 48. Rd1 Rf5 49. Rh1 Bxg3 50. Rh7+ Kd6 51. Bxg3+ Kc5 52. Bf2+ Kb4 53. Rh4+
Kc3 54. Ra4 Kb2 55. Bb6 Kb1 56. Bxa5 Rc5 57. Kf3 Rc2 58. Ke4 c5 59. Kd5 1-0

[Event "Tseshkovsky Mem 2014"]
[Site "Sochi RUS"]
[Date "2014.09.17"]
[Round "1.7"]
[White "Sergeeva, Natalia"]
[Black "Burmakin, Vladimir"]
[Result "0-1"]
[BlackTitle "GM"]
[WhiteElo "2088"]
[BlackElo "2584"]
[WhiteFideId "4117743"]
[BlackFideId "4105109"]
[EventDate "2014.09.17"]

1. e4 c6 2. d4 d5 3. exd5 cxd5 4. c4 Nf6 5. Nc3 e6 6. Nf3 Bb4 7. a3 Bxc3+ 8.
bxc3 O-O 9. Bb2 Nc6 10. Be2 Na5 11. Ne5 Ne4 12. Qc2 f6 13. Ng4 Nd6 14. cxd5 exd5
15. Ne3 Be6 16. O-O f5 17. f4 Rc8 18. Rae1 Ne4 19. Bd3 Qd7 20. Qe2 a6 21. Bxe4
fxe4 22. Qh5 Nc4 23. Bc1 Nd6 24. Bd2 Qe8 25. Qe5 Nf7 26. Qh5 g6 27. Qh4 Nd6 28.
Qg5 Nf5 29. Ng4 Qd8 30. Ne5 Qxg5 31. fxg5 b5 32. Rb1 e3 33. Be1 Nd6 34. g4 Ne4
35. a4 bxa4 36. Rb6 e2 37. Rxf8+ Rxf8 38. Rxe6 Rf1+ 39. Kg2 Rxe1 40. Kf3 Nxc3
41. Nd3 Rd1 0-1

[Event "Tseshkovsky Mem 2014"]
[Site "Sochi RUS"]
[Date "2014.09.17"]
[Round "1.8"]
[White "Volkov, Sergey"]
[Black "Kirillov, Nikolay"]
[Result "1-0"]
[WhiteTitle "GM"]
[WhiteElo "2583"]
[BlackElo "2087"]
[WhiteFideId "4122763"]
[BlackFideId "24133850"]
[EventDate "2014.09.17"]

1. d4 Nf6 2. c4 e5 3. dxe5 Ng4 4. Bf4 Nc6 5. Nf3 Bb4+ 6. Nbd2 Qe7 7. e3 Ngxe5 8.
Nxe5 Nxe5 9. Be2 O-O 10. O-O Qe6 11. Nb3 Re8 12. c5 d6 13. Rc1 Bd7 14. Bxe5 dxe5
15. Bc4 Qc6 16. a3 Rad8 17. Qe2 1-0

[Event "Tseshkovsky Mem 2014"]
[Site "Sochi RUS"]
[Date "2014.09.17"]
[Round "1.9"]
[White "Zhukov, Viktor I.1"]
[Black "Korneev, Oleg"]
[Result "0-1"]
[BlackTitle "GM"]
[WhiteElo "2084"]
[BlackElo "2581"]
[WhiteFideId "4136195"]
[BlackFideId "4156803"]
[EventDate "2014.09.17"]

1. e4 c5 2. Nf3 e6 3. d4 cxd4 4. Nxd4 a6 5. Nc3 Qc7 6. g3 Bb4 7. Ne2 Be7 8. Bg2
Nf6 9. O-O Nc6 10. a4 d6 11. Kh1 b6 12. f4 Bb7 13. Be3 O-O 14. Nd4 Na5 15. Qe2
Nc4 16. Bc1 Rac8 17. g4 d5 18. e5 Ne4 19. Nxe4 dxe4 20. Bxe4 Rfd8 21. c3 Bc5 22.
Nb3 Be3 23. Qf3 Bxe4 24. Qxe4 Bxc1 25. Raxc1 Nxb2 26. Nd4 Nxa4 27. Nxe6 fxe6 28.
Qxa4 Qb7+ 29. Kg1 Rd2 30. Rf2 b5 31. Qb3 Qb6 32. Rf1 Rc4 33. f5 Rxg4+ 0-1

[Event "Tseshkovsky Mem 2014"]
[Site "Sochi RUS"]
[Date "2014.09.17"]
[Round "1.10"]
[White "Kotsur, Pavel"]
[Black "Martynyuk, Elizaveta"]
[Result "1-0"]
[WhiteTitle "GM"]
[WhiteElo "2570"]
[BlackElo "2083"]
[WhiteFideId "13700278"]
[BlackFideId "24128511"]
[EventDate "2014.09.17"]

1. Nf3 Nf6 2. c4 c6 3. d4 d5 4. Qc2 dxc4 5. Qxc4 b5 6. Qc2 Bb7 7. e4 e6 8. Bd3
h6 9. O-O Be7 10. Nc3 a6 11. a4 b4 12. Ne2 Nbd7 13. Ng3 O-O 14. e5 Nd5 15. Qe2
Bg5 16. Nxg5 hxg5 17. Qh5 g6 18. Qh6 N7f6 19. Bxg5 Ng4 20. Qh4 f6 21. Qxg4 fxg5
22. Qxe6+ Kh8 23. Qxg6 Qe7 24. Nf5 Rxf5 25. Bxf5 Qg7 26. Qxg7+ Kxg7 27. Be4 Nf4
28. Rfe1 Rd8 29. Rac1 a5 30. Bxc6 Rc8 31. d5 Ba6 32. Bb5 Rxc1 33. Rxc1 Bxb5 34.
Rc7+ 1-0

[Event "Tseshkovsky Mem 2014"]
[Site "Sochi RUS"]
[Date "2014.09.17"]
[Round "1.11"]
[White "Kiriushin, Vladimir"]
[Black "Brodsky, Michail"]
[Result "0-1"]
[BlackTitle "GM"]
[WhiteElo "2080"]
[BlackElo "2566"]
[WhiteFideId "4150848"]
[BlackFideId "14100932"]
[EventDate "2014.09.17"]

1. e4 c5 2. Nf3 d6 3. d4 Nf6 4. Nc3 cxd4 5. Nxd4 a6 6. Be2 e6 7. O-O Bd7 8. a4
Nc6 9. Be3 Be7 10. Nb3 Na5 11. Nxa5 Qxa5 12. Qd4 O-O 13. Qb6 Qxb6 14. Bxb6 Bc6
15. f3 Nd7 16. Bd4 b6 17. Rfd1 Bb7 18. Kf2 Rac8 19. Rd2 g6 20. Re1 f5 21. Kg1
fxe4 22. fxe4 Bg5 23. Rdd1 Kf7 24. Rd3 Ke7 25. Red1 Rcd8 26. Rh3 Rf7 27. Rf1 Bf6
28. Bxf6+ Nxf6 29. Rhf3 Rff8 30. Bd3 Rc8 31. h3 Nd7 32. Rxf8 Nxf8 33. Kf2 Nd7
34. Ke3 Rc5 35. Rf2 h5 36. Re2 g5 37. Rf2 h4 38. g3 hxg3 39. Rg2 Ne5 40. Rxg3
Kf6 41. Rg1 Rc8 42. Rf1+ Kg6 43. Rg1 Rh8 44. Rg3 Kf6 45. Ne2 Rh4 46. b3 Bc8 47.
Ng1 Rf4 48. Nf3 Nxf3 49. Rxf3 e5 50. Rg3 Bb7 51. Rg4 a5 52. c3 d5 53. exd5 Bxd5
54. c4 Be6 55. Rg3 Rh4 56. Bf1 Bf5 57. Kd2 Rd4+ 58. Kc3 Rd1 59. Be2 Rc1+ 60. Kd2
Rc2+ 61. Ke1 Rb2 62. Bd1 Rh2 63. Bg4 Bxg4 64. hxg4 e4 65. Rc3 Ke5 66. c5 Kd4 67.
Rc4+ Kd3 68. c6 e3 69. Kf1 e2+ 0-1

[Event "Tseshkovsky Mem 2014"]
[Site "Sochi RUS"]
[Date "2014.09.17"]
[Round "1.12"]
[White "Mozharov, Mikhail"]
[Black "Popov, Evgeny"]
[Result "1-0"]
[WhiteTitle "GM"]
[WhiteElo "2555"]
[BlackElo "2059"]
[WhiteFideId "4189825"]
[BlackFideId "34109380"]
[EventDate "2014.09.17"]

1. d4 Nf6 2. c4 e6 3. Nf3 d5 4. e3 c6 5. b3 Nbd7 6. Bd3 Bb4+ 7. Nbd2 e5 8. dxe5
Bc3 9. Rb1 Nxe5 10. Nxe5 Bxe5 11. Qc2 Qe7 12. h3 Be6 13. O-O Bc7 14. Nf3 h6 15.
Bb2 O-O-O 16. Bf5 Rhg8 17. Rfd1 Kb8 18. Bxe6 Qxe6 19. Bxf6 gxf6 20. Kf1 Qe4 21.
Qxe4 dxe4 22. Nh4 Rg5 23. Rxd8+ Bxd8 24. Rd1 Kc8 25. g4 h5 26. Nf5 Bc7 27. Nh6
Rg6 28. Nxf7 hxg4 29. hxg4 Rxg4 30. Nd6+ Bxd6 31. Rxd6 f5 32. Rf6 Rg5 33. Rf7 a5
34. Ke2 Kb8 35. Kd2 c5 36. Kc3 Ka7 37. a3 Kb6 38. b4 axb4+ 39. axb4 Kc6 40. bxc5
Kxc5 41. Rxb7 Kd6 42. Rb5 Ke6 43. Kd4 Rg2 44. Rb6+ Kd7 45. Rb2 Kd6 46. c5+ Ke6
47. c6 Kd6 48. c7 Kxc7 49. Ke5 Rg8 50. Rd2 Re8+ 51. Kf4 Kc6 52. Kxf5 Kc5 53. Kf4
Kc6 54. Rd4 Rf8+ 55. Kxe4 Rxf2 56. Ke5 Rf8 57. e4 Kc5 58. Rd5+ Kc6 59. Rd6+ Kc7
60. Rd4 Kc6 61. Ke6 Re8+ 62. Kf7 Re5 63. Kf6 Re8 64. e5 Rf8+ 65. Ke7 Rf1 66. e6
Re1 67. Kf7 Rf1+ 68. Ke8 Kc7 69. e7 Rh1 70. Kf7 Rf1+ 71. Ke6 Re1+ 72. Kf6 1-0

[Event "Tseshkovsky Mem 2014"]
[Site "Sochi RUS"]
[Date "2014.09.17"]
[Round "1.13"]
[White "Bykov, Egor"]
[Black "Panarin, Mikhail"]
[Result "0-1"]
[BlackTitle "GM"]
[WhiteElo "2050"]
[BlackElo "2555"]
[WhiteFideId "34115290"]
[BlackFideId "4153251"]
[EventDate "2014.09.17"]

1. d4 Nf6 2. Nf3 g6 3. Bf4 Bg7 4. e3 d6 5. h3 c5 6. c3 Qb6 7. Qb3 Be6 8. Qxb6
axb6 9. a3 O-O 10. Nbd2 Bd5 11. Bd3 Bc6 12. e4 Rd8 13. Be3 b5 14. Ke2 Na6 15. b4
c4 16. Bc2 Nc7 17. Ne1 Ra6 18. f3 e5 19. d5 Ncxd5 20. exd5 Nxd5 21. Nb1 Nxe3 22.
Kxe3 d5 23. Kf2 f5 24. f4 exf4 25. Nf3 d4 26. cxd4 Rxd4 27. Ra2 Bxf3 28. Kxf3
Re6 29. Rd1 Re3+ 30. Kf2 Bf6 31. Rf1 Kg7 32. Bd1 h5 33. Re2 Bh4+ 34. Kg1 Rxd1
35. Rxd1 Rxe2 36. Nc3 Rc2 37. Nxb5 c3 0-1

[Event "Tseshkovsky Mem 2014"]
[Site "Sochi RUS"]
[Date "2014.09.17"]
[Round "1.14"]
[White "Ehlvest, Jaan"]
[Black "Protopopova, Anastasiya"]
[Result "1-0"]
[WhiteTitle "GM"]
[WhiteElo "2553"]
[BlackElo "2049"]
[WhiteFideId "4500016"]
[BlackFideId "24172073"]
[EventDate "2014.09.17"]

1. c4 e5 2. g3 Nf6 3. Bg2 d5 4. cxd5 Nxd5 5. Nf3 Nc6 6. O-O Be7 7. Nc3 Nb6 8. d3
O-O 9. a3 Be6 10. Ne4 f5 11. Neg5 Bd5 12. e4 fxe4 13. Nxe4 Bf6 14. Re1 Nd4 15.
Nxd4 exd4 16. Bf4 c6 17. Qg4 Qc8 18. Nxf6+ Rxf6 19. Qxc8+ Rxc8 20. Be5 Rf7 21.
Bh3 Rd8 22. Bxd4 Bb3 23. Bxb6 axb6 24. Re3 Rf6 25. Rae1 Rfd6 26. Re8+ Rxe8 27.
Rxe8+ Kf7 28. Re3 b5 29. Bc8 b6 30. Kf1 Rd8 31. Bf5 g6 32. Be4 Bd5 33. Ke2 c5
34. Bxd5+ Rxd5 35. Re4 g5 36. h4 h6 37. h5 Rd6 38. Ke3 Rd5 39. f3 Rf5 40. g4 Rd5
41. a4 bxa4 42. Rxa4 Re5+ 43. Kd2 Re6 44. f4 b5 45. Ra7+ Kg8 46. Rc7 1-0

[Event "Tseshkovsky Mem 2014"]
[Site "Sochi RUS"]
[Date "2014.09.17"]
[Round "1.15"]
[White "Maksimov, Dmitri"]
[Black "Rozum, Ivan"]
[Result "0-1"]
[BlackTitle "GM"]
[WhiteElo "2044"]
[BlackElo "2552"]
[WhiteFideId "24162477"]
[BlackFideId "24104272"]
[EventDate "2014.09.17"]

1. e4 e5 2. Nf3 Nc6 3. Bc4 Nf6 4. d3 Be7 5. O-O O-O 6. Re1 d6 7. a4 h6 8. a5 a6
9. h3 Nh7 10. Nc3 Ng5 11. Nxg5 Bxg5 12. Be3 Be6 13. Qf3 Kh8 14. Ne2 Bxe3 15.
fxe3 Qg5 16. Rf1 Rae8 17. Bxe6 Rxe6 18. Qg3 Qd8 19. Rf3 Nb4 20. Qf2 Nxc2 21. Rf1
Nb4 22. Rxf7 Rf6 23. Rxf6 Rxf6 24. Qg3 Rxf1+ 25. Kxf1 Nxd3 26. b3 Nc5 27. Qg4
Nxb3 28. Ng3 Nxa5 29. Kg1 Nc6 30. Nh5 Qg5 31. Qc8+ Kh7 32. Qxb7 Qxh5 33. Qxc6
Qe2 34. Qxc7 Qxe3+ 35. Kh1 Qxe4 36. Qxd6 a5 37. Qa3 a4 38. Qf8 Qf4 39. Qa3 Qc4
40. Kh2 Qb3 41. Qf8 Qd3 42. Qe8 a3 43. Qxe5 a2 0-1

[Event "Tseshkovsky Mem 2014"]
[Site "Sochi RUS"]
[Date "2014.09.17"]
[Round "1.16"]
[White "Shaposhnikov, Evgeny"]
[Black "Airapetian, Eduard"]
[Result "1-0"]
[WhiteTitle "GM"]
[WhiteElo "2536"]
[BlackElo "2041"]
[WhiteFideId "4122232"]
[BlackFideId "24171786"]
[EventDate "2014.09.17"]

1. e4 Nf6 2. e5 Nd5 3. Nf3 d6 4. d4 Bg4 5. Be2 Nc6 6. exd6 exd6 7. O-O Be7 8. c4
Nf6 9. d5 Nb8 10. Nd4 Bxe2 11. Qxe2 O-O 12. Nf5 Re8 13. Qf3 Bf8 14. Bg5 Nbd7 15.
Nd2 h6 16. Be3 Kh7 17. Qh3 Ng8 18. Nf3 Ne7 19. Ng5+ Kg8 20. Nxf7 Kxf7 21. Nxd6+
Kg8 22. Nxe8 Qxe8 23. Bd4 Ng6 24. Rae1 Qf7 25. f4 Bd6 26. g3 Re8 27. Rxe8+ Qxe8
28. Qe6+ Qxe6 29. dxe6 Nf6 30. f5 Be5 31. Bxa7 Ne7 32. Bc5 Nc6 33. Kg2 b6 34.
Ba3 Nd4 35. Re1 Bd6 36. Bxd6 cxd6 37. g4 Kf8 38. Rd1 Nc2 39. Kf3 Ke7 40. h3 Nb4
41. Kf4 Nxa2 42. g5 hxg5+ 43. Kxg5 Nb4 44. Kg6 d5 45. cxd5 Nbxd5 46. Ra1 Nf4+
47. Kxg7 Ne8+ 48. Kh6 Kf6 49. Rf1 Nd3 50. b3 Nd6 51. Kh7 Ne5 52. h4 Nc6 53. h5
Ne7 54. h6 Ndxf5 55. Ra1 Nd4 56. Kh8 Nxe6 57. Rf1+ Kg6 58. Re1 Kf6 59. Rg1 Nf8
60. Rf1+ Nf5 61. Kg8 Ng6 62. h7 Ne7+ 63. Kf8 Ng6+ 64. Ke8 Nh8 65. Rg1 Ng7+ 66.
Kf8 1-0

[Event "Tseshkovsky Mem 2014"]
[Site "Sochi RUS"]
[Date "2014.09.17"]
[Round "1.17"]
[White "Lingur, Zalina"]
[Black "Stupak, Kirill"]
[Result "0-1"]
[BlackTitle "GM"]
[WhiteElo "2035"]
[BlackElo "2524"]
[WhiteFideId "34165670"]
[BlackFideId "13503758"]
[EventDate "2014.09.17"]

1. e4 c6 2. Nc3 d5 3. Nf3 Bg4 4. h3 Bh5 5. d3 e6 6. a3 Nf6 7. Qe2 Nbd7 8. Bd2
Qb6 9. O-O-O d4 10. Nb1 e5 11. g4 Bg6 12. Be1 c5 13. Nbd2 Qc7 14. Nh4 b5 15. Bg2
Rc8 16. f4 exf4 17. Bf2 Ne5 18. Ndf3 Nfd7 19. Kb1 f6 20. Nxg6 hxg6 21. g5 Bd6
22. Rdg1 Ke7 23. Nxe5 Nxe5 24. h4 b4 25. a4 c4 26. Bxd4 b3 27. dxc4 Qxc4 28.
Qxc4 Rxc4 29. Bc3 bxc2+ 30. Kxc2 f3 31. gxf6+ gxf6 32. Bf1 Rxe4 33. h5 g5 34.
Bd3 Nxd3 35. Kxd3 Rf4 36. Rxg5 fxg5 37. Bxh8 f2 38. Ke2 Bc5 39. Bc3 Rg4 40. Rf1
Rxa4 41. Rxf2 Bxf2 42. Kxf2 Rh4 43. Kg3 Ke6 44. Bg7 Kf5 45. h6 Kg6 46. Bf8 a5
47. b3 Rd4 48. Bg7 Rb4 49. Bf8 Rxb3+ 50. Kg4 a4 51. h7 Kxh7 52. Kxg5 a3 0-1

[Event "Tseshkovsky Mem 2014"]
[Site "Sochi RUS"]
[Date "2014.09.17"]
[Round "1.18"]
[White "Yakovich, Yuri"]
[Black "Kudrin, Oleg"]
[Result "1-0"]
[WhiteTitle "GM"]
[WhiteElo "2524"]
[BlackElo "2022"]
[WhiteFideId "4100654"]
[BlackFideId "24132900"]
[EventDate "2014.09.17"]

1. d4 d5 2. c4 c6 3. Nc3 Nf6 4. e3 e6 5. Nf3 Nbd7 6. Bd3 Be7 7. O-O dxc4 8. Bxc4
b5 9. Bd3 a6 10. e4 Bb7 11. e5 Nd5 12. Nxd5 cxd5 13. a4 bxa4 14. Qxa4 Qb6 15.
Bd2 Bc6 16. Qa5 Bb7 17. Rfc1 Qxa5 18. Bxa5 h6 19. Nd2 O-O 20. Rc7 Bc8 21. Nb3
Rb8 22. Rc3 Bb4 23. Rc2 Be7 24. Nd2 f6 25. exf6 Bxf6 26. Bc7 Ra8 27. Nf3 Kf7 28.
Bd6 Be7 29. Bg3 Bf6 30. Rc7 Ke7 31. Rac1 Rb8 32. R7c6 Rb3 33. Bd6+ Kf7 34. Bxf8
Rxd3 35. Bd6 1-0

[Event "Tseshkovsky Mem 2014"]
[Site "Sochi RUS"]
[Date "2014.09.17"]
[Round "1.19"]
[White "Borisov, Sergey"]
[Black "Malaniuk, Vladimir P"]
[Result "0-1"]
[BlackTitle "GM"]
[WhiteElo "2014"]
[BlackElo "2523"]
[WhiteFideId "4169301"]
[BlackFideId "14100177"]
[EventDate "2014.09.17"]

1. Nf3 f5 2. d3 Nc6 3. e4 e5 4. Nc3 Nf6 5. exf5 d5 6. d4 exd4 7. Nxd4 Nxd4 8.
Qxd4 Bxf5 9. Bd3 Bxd3 10. Qxd3 c6 11. O-O Be7 12. Bg5 O-O 13. Rfe1 Bd6 14. Qh3
Qd7 15. Qxd7 Nxd7 16. Be7 Bxe7 17. Rxe7 Rf7 18. Rae1 Rxe7 19. Rxe7 Rd8 20. Ne2
Kf8 21. Re3 Nc5 22. f3 Kf7 23. Kf2 Ne6 24. Ke1 Kf6 25. Kd2 a5 26. Nc1 a4 27. Nd3
c5 28. Nf2 h5 29. Re1 b5 30. Nd3 d4 31. Nf2 Rd5 32. Nd3 g5 33. Nf2 Nf4 34. g3
Ng6 35. Nd3 Rf5 36. Rf1 Ke7 37. Ke2 Kd6 38. Re1 Nf8 39. Rf1 Ne6 40. Kd2 c4 41.
Nf2 Kd5 42. f4 b4 43. a3 gxf4 44. Nh3 c3+ 45. Kc1 b3 46. Nxf4+ Kc4 47. cxb3+
axb3 48. Re1 Nc5 0-1

[Event "Tseshkovsky Mem 2014"]
[Site "Sochi RUS"]
[Date "2014.09.17"]
[Round "1.20"]
[White "Papin, Vasily"]
[Black "Bimiev, Ahmad"]
[Result "1-0"]
[WhiteTitle "GM"]
[WhiteElo "2502"]
[BlackElo "1998"]
[WhiteFideId "4143183"]
[BlackFideId "24102938"]
[EventDate "2014.09.17"]

1. d4 d5 2. Nf3 Nf6 3. c4 c6 4. Qc2 Bg4 5. Ne5 Bh5 6. Nc3 e6 7. e3 Bd6 8. f4
Nfd7 9. Bd3 Bxe5 10. fxe5 dxc4 11. Be4 Nb6 12. O-O Qe7 13. b3 Bg6 14. a4 Na6 15.
a5 Nd5 16. bxc4 Nab4 17. Qd2 Nxc3 18. Bxg6 hxg6 19. Qxc3 c5 20. Ba3 Na6 21. Rab1
Rc8 22. Rb5 Rc7 23. d5 Rd7 24. d6 Qh4 25. h3 Rh5 26. Bxc5 Rg5 27. Rf2 Qxh3 28.
Qb3 f6 29. Bd4 Qg4 30. Rxb7 Qe4 31. Rxa7 1-0

[Event "Tseshkovsky Mem 2014"]
[Site "Sochi RUS"]
[Date "2014.09.17"]
[Round "1.21"]
[White "Ermolov, Vasily"]
[Black "Demidov, Mikhail"]
[Result "0-1"]
[BlackTitle "IM"]
[WhiteElo "1952"]
[BlackElo "2499"]
[WhiteFideId "4150830"]
[BlackFideId "4197143"]
[EventDate "2014.09.17"]

1. e4 e6 2. Nc3 d5 3. d3 c5 4. Nf3 Nc6 5. exd5 exd5 6. d4 Nf6 7. Be3 cxd4 8.
Nxd4 Bb4 9. Bb5 Qc7 10. O-O O-O 11. h3 Bxc3 12. bxc3 Bd7 13. Bd3 Rfe8 14. Re1
Ne4 15. Ne2 Rad8 16. Bf4 Qa5 17. Rb1 Bc8 18. Rb3 Qxa2 19. Qc1 Qa5 20. Rb5 Qa4
21. Rb3 Nc5 22. Ra3 Nxd3 23. cxd3 Qb5 24. Bc7 Qxd3 25. Bxd8 Rxe2 26. Rxe2 Qxe2
27. Bg5 h6 28. Be3 a6 29. Qb1 b5 30. Qb3 Qd3 31. Qb2 Qc4 32. Ra1 a5 33. Qd2 Be6
34. f4 Bf5 35. g4 Be4 36. f5 Ne5 37. Kf2 Nf3 38. Qb2 Qc7 39. Ke2 Qh2+ 40. Bf2
Ne5 41. Rf1 0-1

[Event "Tseshkovsky Mem 2014"]
[Site "Sochi RUS"]
[Date "2014.09.17"]
[Round "1.22"]
[White "Andreev, Eduard UKR"]
[Black "Salamov, Khetag"]
[Result "1-0"]
[WhiteTitle "GM"]
[WhiteElo "2473"]
[BlackElo "1947"]
[WhiteFideId "14103400"]
[BlackFideId "24178462"]
[EventDate "2014.09.17"]

1. e4 c6 2. d4 d5 3. e5 Bf5 4. h4 h6 5. g4 Bg6 6. h5 Bh7 7. e6 fxe6 8. Bd3 Nf6
9. Bxh7 Nxh7 10. Nf3 Nd7 11. Qd3 Qc7 12. Qg6+ Kd8 13. Qxe6 Qd6 14. Qe2 e6 15.
Nh4 Be7 16. Ng6 Re8 17. Bf4 Qb4+ 18. c3 Qb6 19. O-O Bf6 20. Nd2 Ndf8 21. Nxf8
Nxf8 22. Nf3 Nd7 23. Rfe1 c5 24. dxc5 Qxc5 25. Rad1 Rc8 26. Nd4 Bxd4 27. Rxd4
Nf6 28. Be5 Rc6 29. b4 Qe7 30. c4 Kc8 31. c5 Ne4 32. f3 Ng5 33. Kg2 Rf8 34. Rd3
Rf7 35. Bg3 Qf6 36. Bd6 Ra6 37. a3 g6 38. Be5 Qe7 39. hxg6 Rf8 40. Bd6 1-0